Statistiques concernant Devinez les empires

Cliquez ici pour prendre le quiz!

Statistiques générales

  • Ce quiz a été pris 29 fois
    (28 depuis la dernière actualisation)
  • Le résultat moyen est 18 sur 33

Statistiques - réponses

Réponse% Correct
Empire Romain
96%
Empire brésilien
92%
Empire colonial français
92%
Empire espagnol
88%
Empire Mongol
88%
Empire Chinois
84%
Empire Inca
84%
Empire Ottoman
84%
Empire allemand
80%
Empire britannique
80%
Empire colonial italien
80%
Empire colonial portugais
80%
Empire Russe
80%
Empire japonais
72%
Empire austro-hongrois
68%
Empire Éthiopien
64%
Empire Mexicain
64%
Empire Suédois
64%
Saint-Empire
64%
Empire colonial hollandais
56%
Empire malien
56%
Empire Marathe
36%
Empire Gupta
32%
Empire centrafricain
20%
Empire du Ghana
16%
Empire almohade
12%
Empire Timouride
12%
Empire Parthe
8%
Empire Songhai
8%
Empire Couman
0%
Empire des Ghaznévides
0%
Empire des Ghorides
0%
Empire Huari
0%

Distribution des résultats

Percentile par nombre de réponses

% des personnes avec chaque résultat

Votre développement - résultats

Vous n’avez pas pris ce quiz depuis la dernière actualisation